| 000 | 00850 a2200253 4500 | ||
|---|---|---|---|
| 005 | 2008090806546.0 | ||
| 008 | 080908t xxu||||| |||| 00| 0 eng d | ||
| 010 | _aENG-87678 | ||
| 020 | _c110.00 | ||
| 035 | _aEN-71211 | ||
| 037 | _bDBAD / PUB | ||
| 082 | _a530 | ||
| 245 |
_aAdvances in physics _cedited by Arunachalam...[et. al.] |
||
| 260 |
_aTirunelveli _bManonmaniam Sundaranar University _c2006 |
||
| 270 |
_aPublication Division _bTirunelveli _e627 012 |
||
| 300 |
_a140 p. _c22 cm ( Pbk) |
||
| 700 | _aArunachalam, N | ||
| 700 | _aPadiyan, D. Pathinettam | ||
| 700 | _aVeluraja, K. | ||
| 700 | _aGanesan, K. | ||
| 700 | _aRajasekaran, T.R. | ||
| 942 |
_adpl _cEN _k530/ADV _2ddc _h530 _mADV |
||
| 999 |
_c6793 _d6793 |
||